| 000 | 00884nam a2200277 a 4500 | ||
|---|---|---|---|
| 008 | |||
| 020 | _a0198556381 (cased.) | ||
| 049 | _aMAIN | ||
| 090 | _aQC182 | ||
| 100 | 1 | _aBruch, L. W. | |
| 245 | 1 | 0 |
_aPhysical adsorption : _bforces and phenomena / _cL.W. Bruch, Milton W. Cole, Eugene Zaremba. |
| 260 |
_aOxford : _bOxford University Press, _c1997. |
||
| 300 |
_aix, 340 p. ; _c24 cm. |
||
| 440 | 0 |
_aInternational series of monographs on chemistry ; _v33. |
|
| 440 | 0 | _aOxford science publications. | |
| 504 | _aIncludes bibliographical references. | ||
| 500 | _aIncludes index. | ||
| 650 | 0 |
_aGases _xAbsorption and adsorption. |
|
| 700 | 1 | _aCole, Milton W. | |
| 700 | 1 | _aZaremba, Eugene. | |
| 907 |
_a.b10119528 _b27-04-04 _c27-04-04 |
||
| 003 | |||
| 005 | 20230123133704.0 | ||
| 040 | _cNUST | ||
| 942 |
_cBOOKS _kQC182 |
||
| 999 |
_c152934 _d152934 |
||